Estado y organismos no gubernamentales en América Latina : estrategias para la educación de adultos /

Ponencias del Seminario Estratégico Regional organizado por ORELAC (Oficina Regional de Educación para América Latina y el Caribe) y CEAAL (Consejo de Educación de Adultos de América Latina) sobre las posibilidades y límites de los espacios de cooperación entre el Estado y las ONGs en el campo de la...

Celý popis

Uloženo v:
Podrobná bibliografie
Korporativní autor: Seminario técnico regional sobre estrategias de cooperación entre entidades estatales y organismos no gubernamentales en apoyo a los programas de alfabetización de América Latina ( Quito, Ecuador)
Médium: Konferenční příspěvek Kniha
Jazyk:španělština
Témata:
Tagy: Přidat tag
Žádné tagy, Buďte první, kdo vytvoří štítek k tomuto záznamu!

MARC

LEADER 00000nam^a2200000^a^4500
001 000383168
005 20250521000000.0
009 20260310120815.5
037 |a Acervo ITESO - Biblioteca 
041 |a ESP 
082 |a 361. 80980  |b SEM 
111 |a Seminario técnico regional sobre estrategias de cooperación entre entidades estatales y organismos no gubernamentales en apoyo a los programas de alfabetización de América Latina (  |d 1986 :  |c Quito, Ecuador) 
245 1 0 |a Estado y organismos no gubernamentales en América Latina :  |b estrategias para la educación de adultos /  |c Seminario técnico regional sobre estrategias de cooperación entre entidades estatales y organismos no gubernamentales en apoyo a los programas de alfabetización de América Latina. 
264 |a Santiago, Chile :  |b UNESCO, Oficina Regional de Educación para América Latina y el Caribe :  |b Consejo de Educación de Adultos de América Latina,  |c 1988 
300 |a 112 p. 
336 |a texto  |b txt  |2 rdacontenido 
337 |a sin mediación  |b n  |2 rdamedio 
338 |a volumen  |b nc  |2 rdasoporte 
520 |a Ponencias del Seminario Estratégico Regional organizado por ORELAC (Oficina Regional de Educación para América Latina y el Caribe) y CEAAL (Consejo de Educación de Adultos de América Latina) sobre las posibilidades y límites de los espacios de cooperación entre el Estado y las ONGs en el campo de la educación. Los países de América Latina se han planteado como reto la eliminación del analfabetismo para antes del año 2000, y se propone realizar esta tarea por medio de acciones conjuntas de los estados y de las organizaciones no gubernamentales. 
649 |a XX 
650 |a Organizaciones No Gubernamentales -  |z Latinoamérica 
650 |a Programas Gubernamentales -  |z Latinoamérica 
650 |a Alfabetización -  |z Latinoamérica -  |x Tema Principal 
650 |a Educación de Adultos -  |z Latinoamérica -  |x Tema Principal 
650 |a Problemas Sociales -  |z Latinoamérica 
650 |a Trabajo Social -  |z Latinoamérica 
650 |a Ciencias Sociales -  |z Latinoamérica 
650 |a Latinoamérica -  |x Condiciones Sociales y Culturales 
910 |a Fondo Carlos Núñez Hurtado 
920 |a Impresos - Libros 
930 |a Fondos Especiales 
905 |a 117 
901 |a 0500278117  |b IT2  |c ESP  |i D80466  |u 20250521 
902 |a https://opac.biblio.iteso.mx/vufind/Record/000383168